000 01379nam a2200361 i 4500
001 11107
003 KOSZ 005
005 20240405063005.0
008 050914s1966 pl a f |000 0 pol
015 _aPB 1966/6311
040 _aWA N
_cWA N
_dKOSZ 005/EG
_dKOSZ 005/HR
041 _apol
046 _k1966
080 _a94(438).083
080 _a(084)
245 0 0 _aPolska 1944-1965.
_nT. 1,
_p1944-1955 /
_c[koncepcja i red. Stanisław Wroński i Maria Zwolakowa ; materiał il. zebrali Jerzy Tomaszewski i Tadeusz Mazur ; zdjęcia: Stefan Arczyński et al.]
260 _aWarszawa :
_bKsiążka i Wiedza,
_c1966.
300 _a448 s. :
_bil., mapy ;
_c27 cm.
380 _aKsiążki.
500 _aWydawnictwo albumowe.
648 7 _a1901-2000
648 7 _a1945-1989
651 7 _aPolska
658 _aHistoria
700 1 _aWroński, Stanisław
_d(1916-2003)
_eRedakcja
700 1 _aZwolakowa, Maria
_eRedakcja
700 1 _aMazur, Tadeusz
_c(fotograf)
_eIlustracje
700 1 _aArczyński, Stefan
_d(1916- )
_eFotografie
700 1 _aTomaszewski, Jerzy
_d(1924-2016)
_eIlustracje
710 2 _aSpółdzielnia Wydawniczo-Handlowa "Książka i Wiedza"
_4pbl.
856 _uhttp://koha.tu.koszalin.pl/cgi-bin/koha/opac-detail.pl?biblionumber=11107
_yKatalog online BPK
942 _2UKD
_cKS
999 _c11107
_d11107